| 000 | 00354nam a2200145Ia 4500 | ||
|---|---|---|---|
| 008 | 230711s9999||||xx |||||||||||||| ||und|| | ||
| 041 | _aENG | ||
| 082 |
_a4 _bSH-M |
||
| 100 | _aShet,K C | ||
| 245 | 0 | _aMicroprocessors | |
| 250 | _a2nd | ||
| 260 |
_c1991 _aNew Delhi _bCBS Publishers & Distributors Pvt.Ltd |
||
| 650 | _aComputer Engineering | ||
| 942 | _cBK | ||
| 999 |
_c1398 _d1398 |
||